ARRUPE JESUIT UNIVERSITY

CORONAVIRUS -STOP THE SPREAD - CLEAN,DISINFECT,COVER

Vatican II : (Record no. 128292)

MARC details
000 -LEADER
fixed length control field 01391cam a2200361 a 4500
001 - CONTROL NUMBER
control field 16460849
003 - CONTROL NUMBER IDENTIFIER
control field ARRUPE
005 - DATE AND TIME OF LATEST TRANSACTION
control field 20181002114651.0
008 - FIXED-LENGTH DATA ELEMENTS--GENERAL INFORMATION
fixed length control field 100915s2005 sa ac b 000 0deng
010 ## - LIBRARY OF CONGRESS CONTROL NUMBER
LC control number 2010553879
020 ## - INTERNATIONAL STANDARD BOOK NUMBER
International Standard Book Number 1875053484
020 ## - INTERNATIONAL STANDARD BOOK NUMBER
International Standard Book Number 9781875053483
035 ## - SYSTEM CONTROL NUMBER
System control number (OCoLC)ocm60853461
040 ## - CATALOGING SOURCE
Original cataloging agency Z@L
Transcribing agency Z@L
Modifying agency XII
-- DEBBG
-- DLC
042 ## - AUTHENTICATION CODE
Authentication code lccopycat
050 00 - LIBRARY OF CONGRESS CALL NUMBER
Classification number BX830 1962 A8
Item number .H965 2005
082 04 - DEWEY DECIMAL CLASSIFICATION NUMBER
Classification number 262.52
Edition number 22
084 ## - OTHER CLASSIFICATION NUMBER
Classification number BO 6810
Source of number rvk
300 ## - PHYSICAL DESCRIPTION
Other physical details ill., ports. ;
Dimensions 21 cm.
100 1# - MAIN ENTRY--PERSONAL NAME
Personal name Hurley, Denis E.
9 (RLIN) 42690
245 10 - TITLE STATEMENT
Title Vatican II :
Remainder of title keeping the dream alive /
Statement of responsibility, etc Denis Hurley ; [with preface by Albert Nolan].
260 ## - PUBLICATION, DISTRIBUTION, ETC. (IMPRINT)
Place of publication, distribution, etc Pietermaritzburg, South Africa :
Name of publisher, distributor, etc Cluster Publications,
Date of publication, distribution, etc 2005.
300 ## - PHYSICAL DESCRIPTION
Extent 300 p. :
504 ## - BIBLIOGRAPHY, ETC. NOTE
Bibliography, etc Includes bibliographical references.
611 20 - SUBJECT ADDED ENTRY--MEETING NAME
Meeting name or jurisdiction name as entry element Vatican Council
Number of part/section/meeting 2nd :
General subdivision History.
9 (RLIN) 42691
655 #7 - INDEX TERM--GENRE/FORM
Genre/form data or focus term Aufsatzsammlung.
Source of term swd
9 (RLIN) 42692
700 1# - ADDED ENTRY--PERSONAL NAME
Personal name Nolan, Albert,
Dates associated with a name 1934-
9 (RLIN) 34907
906 ## - LOCAL DATA ELEMENT F, LDF (RLIN)
a 7
b cbc
c copycat
d 2
e ncip
f 20
g y-gencatlg
942 ## - ADDED ENTRY ELEMENTS (KOHA)
Source of classification or shelving scheme Library of Congress Classification
Koha item type Monograph ( Printed materials)
Holdings
Withdrawn status Lost status Source of classification or shelving scheme Damaged status Not for loan Collection code Home library Current library Shelving location Date acquired Total Checkouts Full call number Barcode Date last seen Price effective from Koha item type Date checked out
    Library of Congress Classification     Main Collection ARRUPE LIBRARY ARRUPE LIBRARY Main Collection 02/10/2018   BX830 1962 A8 .H965 2005 46408279 02/10/2018 02/10/2018 Monograph ( Printed materials)  
    Library of Congress Classification     Main Collection ARRUPE LIBRARY ARRUPE LIBRARY Main Collection 02/10/2018 1 BX830 1962 A8 .H965 2005 46600003190 12/11/2018 02/10/2018 Monograph ( Printed materials) 29/10/2018

 

Arrupe Library. PO Box MP320 Mt Pleasant, Harare, Zimbabwe
263 242 745411|librarian@aju.ac.zw